| 000 | 00565nam a22001817a 4500 | ||
|---|---|---|---|
| 999 |
_c172806 _d172806 |
||
| 005 | 20200213121113.0 | ||
| 010 | _aENG-127724 | ||
| 020 |
_c145.00 _a9789389146318 |
||
| 035 | _aEN-111256 | ||
| 037 | _bDBAD/PUB | ||
| 082 | _a658.84 | ||
| 100 | _aAntony,Bindu | ||
| 245 |
_aE.Commerce/ _cby Bindu Antony [and] V.Suganya |
||
| 260 |
_aTamil Nadu _c2019 _bShanlax |
||
| 270 |
_a61,66 T.P.K. Main Road Vasantha Nagar Madurai _e625003 _bTamil Nadu _mpublisher @shanlaxpublications.com |
||
| 300 |
_a67p. _b22cm(pbk) |
||
| 942 |
_2ddc _cEN _h658.84 _mANT |
||